000 00329nam a2200145Ia 4500
003 OSt
005 20240105152950.0
008 170523s9999 xx 000 0 und d
020 _a8120324269
040 _ciimt university meerut
100 _aPAUL- JUSTIN
245 0 _aINTERNATIONAL BUSINESS
260 _bPHI
942 _2ddc
_c02
999 _c1480
_d1480